[Event "EU-chT Seniors"]
[Site "Rogaska Slatina"]
[Date "2012.03.29"]
[Round "3.16"]
[White "Bergersen, Per A"]
[Black "Kurka, Dieter"]
[Result "0-1"]
[WhiteElo "1991"]
[BlackElo "2093"]
[PlyCount "40"]
[EventDate "2012.03.27"]
[EventType "team-swiss"]
[EventRounds "9"]
[EventCountry "SLO"]
[SourceTitle "CBM 147 Extra"]
[Source "ChessBase"]
[SourceDate "2012.04.24"]
[SourceVersion "1"]
[SourceVersionDate "2012.04.24"]
[SourceQuality "1"]
[WhiteTeam "Norway (Seniors) V"]
[BlackTeam "Rheinland (Seniors)"]
[WhiteTeamCountry "NOR"]
[BlackTeamCountry "GER"]

1. Nf3 Nf6 2. c4 d5 3. g3 c6 4. Bg2 dxc4 5. Qc2 b5 6. 0-0 Bb7 7. a4 e6 8. b3 cxb3 9. Qxb3 b4 10. a5 Be7 11. d4 0-0 12. Bg5 Na6 13. Ra2 c5 14. dxc5 Bd5 15. Qd3 Nxc5 16. Qd2 Nce4 17. Qb2 Bxa2 18. Qxa2 Nxg5 19. Nxg5 Rb8 20. a6 Nd5 0-1

[Event "EU-chT Seniors"]
[Site "Rogaska Slatina"]
[Date "2012.03.27"]
[Round "1.10"]
[White "Bergersen, Per A"]
[Black "Fatalibekova, Elena"]
[Result "1/2-1/2"]
[WhiteElo "1991"]
[BlackElo "2276"]
[PlyCount "81"]
[EventDate "2012.03.27"]
[EventType "team-swiss"]
[EventRounds "9"]
[EventCountry "SLO"]
[SourceTitle "CBM 147 Extra"]
[Source "ChessBase"]
[SourceDate "2012.04.24"]
[SourceVersion "1"]
[SourceVersionDate "2012.04.24"]
[SourceQuality "1"]
[WhiteTeam "Norway (Seniors) V"]
[BlackTeam "Russia (Seniors) II"]
[WhiteTeamCountry "NOR"]
[BlackTeamCountry "RUS"]

1. g3 e5 2. Nf3 e4 3. Nd4 Nf6 4. Bg2 d5 5. d3 exd3 6. cxd3 Bc5 7. Nb3 Bb6 8. 0-0 0-0 9. Nc3 c6 10. Bg5 h6 11. Bxf6 Qxf6 12. d4 Rd8 13. e3 Nd7 14. Rc1 Nf8 15. Na4 Ne6 16. Nxb6 axb6 17. a3 Ng5 18. f4 Ne4 19. Nd2 Nxd2 20. Qxd2 Bf5 21. Rfe1 Re8 22. Qd1 Qe6 23. Rc3 Be4 24. Qd2 b5 25. Qe2 Ra4 26. Rd1 Qd6 27. Qd2 h5 28. Rcc1 g6 29. Rc3 Kg7 30. Rdc1 Qe6 31. Qd1 f5 32. h4 Rea8 33. Qe1 Bxg2 34. Kxg2 Qe4+ 35. Kf2 Qe7 36. Rc5 Re8 37. Qd2 Qd6 38. Qc3 Re7 39. Qd2 Kf7 40. Qc3 Re4 41. Qd2 1/2-1/2

[Event "NOR-chT Clubs"]
[Site "Drammen"]
[Date "2010.10.09"]
[Round "3.50"]
[White "Laverton, Christian"]
[Black "Bergersen, Per A"]
[Result "1-0"]
[WhiteElo "1915"]
[BlackElo "1572"]
[PlyCount "137"]
[EventDate "2010.10.08"]
[EventType "team"]
[EventRounds "6"]
[EventCountry "NOR"]
[SourceTitle "EXT 2015"]
[Source "ChessBase"]
[SourceDate "2014.11.20"]
[SourceVersion "1"]
[SourceVersionDate "2014.11.20"]
[SourceQuality "1"]
[WhiteTeam "Trondheim"]
[BlackTeam "Barum"]
[WhiteTeamCountry "NOR"]
[BlackTeamCountry "NOR"]

1. d4 e6 2. c4 b6 3. Nf3 Bb7 4. a3 f5 5. Nc3 Nf6 6. Bg5 Be7 7. g3 0-0 8. Bg2 d6 9. 0-0 Ne4 10. Bxe7 Qxe7 11. Qc2 Nxc3 12. Qxc3 Nd7 13. Rad1 Rae8 14. b4 Nf6 15. Qb2 Be4 16. Rd2 Rd8 17. Rfd1 Qe8 18. Ng5 Bxg2 19. Kxg2 h6 20. Nf3 g5 21. Qb3 Kg7 22. Rd3 Qg6 23. Qa4 Ra8 24. Qc6 Qf7 25. c5 Qd7 26. Qxd7+ Nxd7 27. cxd6 cxd6 28. Rc3 Nf6 29. Nd2 Rf7 30. Rdc1 Rd8 31. Rc6 Rdd7 32. Nc4 Ne8 33. f3 b5 34. Na5 Rc7 35. Kf2 Rxc6 36. Rxc6 Rc7 37. Ra6 Kf6 38. Nc6 d5 39. Nxa7 Nd6 40. Rxd6 Rxa7 41. Rb6 Rxa3 42. Rxb5 Rb3 43. Rb8 Rb2 44. b5 Kg7 45. b6 f4 46. gxf4 gxf4 47. b7 Kh7 48. Ke1 Rb4 49. Kd2 Kg7 50. e3 fxe3+ 51. Kxe3 Kh7 52. h4 Kg7 53. h5 Kh7 54. Re8 Rxb7 55. Rxe6 Rb3+ 56. Kf4 Rd3 57. Ke5 Rxf3 58. Kxd5 Kg7 59. Kd6 Rf5 60. Re5 Rf2 61. d5 Ra2 62. Ke7 Ra7+ 63. Ke6 Kf8 64. d6 Ra2 65. Rf5+ Kg7 66. d7 Re2+ 67. Re5 Rd2 68. Rd5 Re2+ 69. Kd6 1-0

[Event "Oslo ASKO Pinseturnering-A"]
[Site "Oslo"]
[Date "2009.05.30"]
[Round "5"]
[White "Lie, Terje"]
[Black "Bergersen, Per A"]
[Result "1-0"]
[WhiteElo "1315"]
[BlackElo "1502"]
[PlyCount "105"]
[EventDate "2009.05.30"]
[EventType "swiss"]
[EventRounds "6"]
[EventCountry "NOR"]
[SourceTitle "EXT 2011"]
[Source "ChessBase"]
[SourceDate "2010.11.26"]
[SourceVersion "1"]
[SourceVersionDate "2010.11.26"]
[SourceQuality "1"]

1. d4 Nf6 2. c4 e6 3. Nf3 Bb4+ 4. Bd2 a5 5. Nc3 b6 6. a3 Bxc3 7. Bxc3 0-0 8. Qc2 Bb7 9. e3 Ne4 10. Be2 f5 11. g3 d6 12. Rf1 Nd7 13. 0-0-0 Qe8 14. h4 Nxc3 15. bxc3 Nf6 16. Ng5 h6 17. Bf3 Bxf3 18. Nxf3 Qc6 19. Nd2 Qd7 20. Qb3 a4 21. Qb5 c6 22. Qb2 c5 23. Qb5 Qc7 24. Qb2 Rfb8 25. Kb1 Ra5 26. Ka1 Qc6 27. Rb1 Nd7 28. Qa2 cxd4 29. cxd4 Kh8 30. Rfc1 e5 31. Qc2 Rf8 32. Rb4 f4 33. d5 Qa8 34. exf4 exf4 35. g4 Qd8 36. Ne4 Nc5 37. Ka2 Qxh4 38. Nxd6 Ra6 39. f3 Qe7 40. Ne4 Nb3 41. Rd1 Qe5 42. Qb2 Qe8 43. Qc3 Qd8 44. Rh1 Kg8 45. Rd1 Rf7 46. Qe5 Ra8 47. d6 Ra5 48. Rb5 Ra8 49. Qd5 Kf8 50. Rxb6 Rc8 51. Rb4 Ra7 52. c5 Ra5 53. Rb7 1-0

[Event "Oslo ASKO Pinseturnering-A"]
[Site "Oslo"]
[Date "2009.05.30"]
[Round "1"]
[White "Sem Johansen, Asmund"]
[Black "Bergersen, Per A"]
[Result "1/2-1/2"]
[WhiteElo "1695"]
[BlackElo "1502"]
[PlyCount "90"]
[EventDate "2009.05.30"]
[EventType "swiss"]
[EventRounds "6"]
[EventCountry "NOR"]
[SourceTitle "EXT 2011"]
[Source "ChessBase"]
[SourceDate "2010.11.26"]
[SourceVersion "1"]
[SourceVersionDate "2010.11.26"]
[SourceQuality "1"]

1. e4 e6 2. Nf3 d5 3. exd5 exd5 4. d4 Bd6 5. c4 dxc4 6. Bxc4 Ne7 7. Ng5 Bb4+ 8. Nc3 Nd5 9. Qf3 Bxc3+ 10. bxc3 Qe7+ 11. Kd1 c6 12. Re1 Be6 13. Bxd5 cxd5 14. c4 dxc4 15. d5 Qd7 16. Kc2 0-0 17. dxe6 fxe6 18. Qe3 Qa4+ 19. Kb1 Qb5+ 20. Bb2 Qf5+ 21. Kc1 Nc6 22. f4 Nb4 23. Qxe6+ Qxe6 24. Rxe6 Rxf4 25. Nf3 b5 26. a3 Nd3+ 27. Kc2 Kf7 28. Re2 a5 29. Rf1 Kg8 30. Ba1 b4 31. Re7 Rg4 32. g3 Rd8 33. Nh4 b3+ 34. Kb1 b2 35. Bxb2 Rb8 36. Rff7 Rxb2+ 37. Ka1 Rxh2 38. Rf5 Rh1+ 39. Ka2 g6 40. Rxa5 Nc1+ 41. Kb2 Nd3+ 42. Kc3 Rf1 43. Ra8+ Rf8 44. Raa7 Rb8 45. Rg7+ Kf8 1/2-1/2